Shakespeare cuenta... (Registro nro. 38293)

Detalles MARC
000 -CABECERA
Longitud fija campo de control 00923nam a2200277 i 4500
003 - IDENTIFICADOR DEL NUMERO DE CONTROL
Identificador del número de control CO-BoRNBP
005 - FECHA Y HORA DE LA ULTIMA TRANSACCION
Fecha y hora de la última transacción 20250812204120.0
007 - CAMPO FIJO DE DESCRIPCION FISICA
Campo fijo de descripción física ta
008 - CODIGOS DE INFORMACION DE LONGITUD FIJA
Códigos de información de longitud fija 240809s2008 sp a|||| |||| 00| 0 esp d
020 ## - NUMERO INTERNACIONAL NORMALIZADO PARA LIBROS
Número Internacional Normalizado para Libros (ISBN) 9788423970827
040 ## - FUENTE DE LA CATALOGACION
Centro catalogador de origen CO-BoRNBP
Lengua de catalogación spa
Centro transcriptor CO-BoRNBP
Normas de descripción rda
084 ## - Clasificación Local Alfanúmerica PNLB
Número de clasificación C LAM
100 1# - PUNTO DE ACCESO PRINCIPAL-NOMBRE DE PERSONA
Nombre de persona Lamb, Charles y Mary
Término indicativo de función autores
245 ## - TITULO PROPIAMENTE DICHO
Título Shakespeare cuenta...
Mención de responsabilidad, etc. Charles y Mary Lamb; ilustraciones, Juan Ramón Alonso; Directora de colección, Nuria Esteban Sánchez
250 ## - MENCION DE EDICION
Mención de edición Decimoprimera edición
264 ## - PRODUCCION, PUBLICACION , DISTRIBUCION, FABRICACION Y COPYRIGHT
Lugar de producción, publicación, distribución, fabricación Barcelona, España
Nombre del productor, editor, distribuidor, fabricante Espasa Calpe
Fecha de de producción, publicación, distribución, fabricación o copyright 2008
300 ## - DESCRIPCION FISICA
Extensión 132 páginas
Otras características físicas ilustraciones en blanco y negro
Dimensiones 21cm
336 ## - TIPO DE CONTENIDO
Fuente rdacontenido
Término de tipo de contenido texto
Código de tipo de contenido txt
337 ## - TIPO DE MEDIO
Fuente rdamedio
Nombre del tipo de medio sin mediación
Código del tipo de medio n
338 ## - TIPO DE SOPORTE
Fuente rdasoporte
Nombre del tipo de soporte volumen
Código del tipo de soporte nc
490 ## - MENCION DE SERIE
Mención de serie Espasa juvenil
650 ## - PUNTO DE ACCESO ADICIONAL DE MATERIA - TERMINO DE MATERIA
Fuente del encabezamiento ARMARC
Término de materia o nombre geográfico como elemento inicial Literatura juvenil
650 ## - PUNTO DE ACCESO ADICIONAL DE MATERIA - TERMINO DE MATERIA
Fuente del encabezamiento ARMARC
Término de materia o nombre geográfico como elemento inicial cuentos ingleses
942 ## - ENTRADA DE ELEMENTOS AGREGADOS (KOHA)
Fuente de clasificaión o esquema Dewey Decimal Classification
Koha [por defecto] tipo de item Libro Literatura
Existencias
Perdido Fuente de clasificación o esquema Estado Físico No para préstamo Forma de adquisición Localización permanente Localización actual Localización en estanterías Fecha adquisición Préstamos totales Signatura completa Código de barras Fecha última consulta Número de copia Fecha del precio de reemplazo Tipo de item de Koha
  Dewey Decimal Classification     Colección General Biblioteca Pública Guamal Biblioteca Pública Guamal Literatura 08/09/2024   C LAM GUA004058 08/09/2024 Ej.1 08/09/2024 Libro Literatura









Instituto Departamental de Cultura del Meta - Red Departamental de Bibliotecas Públicas del Meta.